000 00548ata a2200229 4500
005 20161116183802.0
008 150525b xxu||||| |||| 00| 0 spa d
041 _aspa
082 _a411 O77o
100 _aOrtega Canibano, Wesceslao
_931947
245 _aOrtografía programada
250 _a4 ed.
260 _aMéxico
260 _bMcGraw-Hill
260 _c2002
300 _a320 páginas
650 _aORTOGRAFÍA
_931948
650 _aESPAÑOL
_91515
650 _aACENTUACIÓN
_98823
650 _aPUNTUACIÓN
_915567
942 _cBK
999 _c5947
_d5947